| 000 | 00666nam a2200205 a 4500 | ||
|---|---|---|---|
| 003 | PILC | ||
| 005 | 20150817141917.0 | ||
| 008 | 100723s19uu xx 00 eng d | ||
| 020 | _a08661215218 | ||
| 020 | _a9780866121521 | ||
| 050 |
_aHF 5549 _b.W894 1997 |
||
| 082 |
_aMHSF 658.3 _bW86 1997 |
||
| 100 |
_aWoods, Robert H. _912398 |
||
| 245 |
_aHuman resources management / _cRobert H. Woods. |
||
| 260 |
_aLansing, Michigan : _bEducation institute of the American Hotel & Motel Association, _c1997. |
||
| 300 |
_a413 pages : _billustration ; _c24 cm. |
||
| 650 |
_aManagement - Human resources _915096 |
||
| 650 |
_aPersonnel management _9685 |
||
| 942 |
_2lcc _cBK |
||
| 999 |
_c14505 _d14505 |
||